00647 2200229 4500001002100000005001500021035002500036008004100061041000800102082001500110090001300125100001400138245010100152250001600253260003300269300005100302650000700353650001600360084002100376990001000397990001000407INLIS00000000001469220240906015155 a0010-051300000014692240906 e 0 ind  aind aR 351.04.1 a351.04.1 aTambunan,1 aUndang-Undang Republik Indonesia Nomor 8 Tahun 1974 tentang pokok-Pokok Kepegawaian /cTambunan, aCetakan : 1 aBandung :bBina Cipta,c1975 a131 hlm. : ilus. ;18 cm. :bIlustrasi ;c18 cm 4aUU 4aKepegawaian aR 351.04.1 TAM u a18283 a18283